| 000 | 00391nam a2200145 i 4500 | ||
|---|---|---|---|
| 001 | 50612 | ||
| 003 | ES-MaACL | ||
| 005 | 20230906162216.0 | ||
| 007 | t| | ||
| 008 | 030805q1951 sp ||||1| spa d | ||
| 245 | 0 | 0 |
_aCubicación de maderas _b: cálculos ajustados. |
| 260 |
_aValencia : _bGaisa, _c[1951?] ( _fP. Quiles) |
||
| 300 |
_a97 h. ; _c15 cm. |
||
| 852 |
_aES-MaACL _jD-8163 _bR.32132 |
||
| 999 |
_c50612 _d50612 |
||